00410pab a2200133 454500008004000000100002100040245009300061260000900154300001500163362001200178650001500190650001500205773005600220180718b2009 xxu||||| |||| 00| 0 eng d aOKogeri, Ochiora aBurden of leadership in a corrupt system: A functional socio-legal and economic overview c2009 ap.249-269. aJul-Dec aCorruption aLeadership aJournal of Constitutional and Parliamentary Studies